[Event "ROM-chT"]
[Site "Mamaia"]
[Date "2024.09.30"]
[Round "3.4"]
[White "Gavrilescu, David"]
[Black "Cioara, Andrei Nestor"]
[Result "1-0"]
[WhiteElo "2547"]
[BlackElo "2402"]
[PlyCount "111"]
[EventDate "2024.09.28"]
[EventType "team-tourn"]
[EventRounds "9"]
[EventCountry "ROU"]
[SourceTitle "EXT 2025"]
[Source "ChessBase"]
[SourceDate "2024.10.14"]
[SourceVersion "1"]
[SourceVersionDate "2024.10.14"]
[SourceQuality "1"]
[WhiteTeam "Bucuresti ASE"]
[BlackTeam "Craiova Oltenia"]
[WhiteTeamCountry "ROU"]
[BlackTeamCountry "ROU"]

1. e4 c6 2. d4 d5 3. e5 Bf5 4. h4 h6 5. Bd3 Bxd3 6. cxd3 e6 7. Nc3 Nd7 8. h5 c5 9. dxc5 d4 10. Ne4 Nxc5 11. Nxc5 Bxc5 12. Qg4 Ne7 13. Nf3 Qd5 14. 0-0 g6 15. hxg6 Nxg6 16. Re1 0-0-0 17. Bd2 Kb8 18. a4 a6 19. Rac1 Ne7 20. Qe4 Nc6 21. Qxd5 Rxd5 22. Re4 Bb6 23. g3 Bc7 24. Rce1 Kc8 25. Kf1 Kd7 26. Bf4 Rb8 27. Bxh6 b5 28. axb5 Rbxb5 29. Rf4 f5 30. exf6 Bxf4 31. gxf4 Rf5 32. Bg5 Rxb2 33. Nh4 Rbb5 34. Nxf5 Rxf5 35. Kg2 Nb4 36. Re4 Nc6 37. Kf3 a5 38. Re2 Nb4 39. Re4 Nc6 40. Kg4 a4 41. Kh5 a3 42. Kg6 a2 43. Re1 Nb4 44. Ra1 Nxd3 45. Rxa2 Nxf4+ 46. Bxf4 Rxf4 47. Kg7 Rg4+ 48. Kf8 e5 49. f7 Rf4 50. Ra7+ Ke6 51. Ra6+ Kd7 52. Kg7 Ke7 53. Ra7+ Ke6 54. f8Q Rxf8 55. Kxf8 e4 56. Ra5 1-0

[Event "ROM-chT"]
[Site "Mamaia"]
[Date "2024.09.29"]
[Round "2.11"]
[White "Gheorghiu, Calin"]
[Black "Cioara, Andrei Nestor"]
[Result "1/2-1/2"]
[WhiteElo "2313"]
[BlackElo "2402"]
[PlyCount "101"]
[EventDate "2024.09.28"]
[EventType "team-tourn"]
[EventRounds "9"]
[EventCountry "ROU"]
[SourceTitle "EXT 2025"]
[Source "ChessBase"]
[SourceDate "2024.10.14"]
[SourceVersion "1"]
[SourceVersionDate "2024.10.14"]
[SourceQuality "1"]
[WhiteTeam "Galati Smart"]
[BlackTeam "Craiova Oltenia"]
[WhiteTeamCountry "ROU"]
[BlackTeamCountry "ROU"]

1. d4 Nf6 2. c4 e6 3. Nc3 Bb4 4. e3 0-0 5. Bd3 c5 6. Nf3 d5 7. 0-0 cxd4 8. exd4 dxc4 9. Bxc4 b6 10. Qe2 Bb7 11. Rd1 Qc7 12. Bd3 Bxc3 13. bxc3 Nbd7 14. c4 Rfe8 15. Ne5 Nxe5 16. dxe5 Qc6 17. f3 Nd7 18. Be4 Qc7 19. Bxb7 Qxb7 20. Ba3 Rac8 21. Rd4 Qc7 22. Bd6 Qc6 23. Rad1 Nc5 24. Rg4 Nb7 25. Qd2 Nxd6 26. exd6 Qc5+ 27. Kh1 Red8 28. d7 Rc7 29. Rd4 h6 30. f4 Kf8 31. Qd3 Ke7 32. h3 g6 33. Qd2 Qxd4 34. Qxd4 Rcxd7 35. Qg7 Rxd1+ 36. Kh2 h5 37. f5 exf5 38. Qe5+ Kd7 39. c5 Kc6 40. cxb6 axb6 41. Qf6+ R8d6 42. Qxf7 R1d4 43. Qb3 b5 44. Qf3+ Kb6 45. Qa8 f4 46. a3 h4 47. Qb8+ Kc5 48. Qc8+ Kd5 49. Qg8+ Kc5 50. Qc8+ Kd5 51. Qg8+ 1/2-1/2

[Event "ROM-chT"]
[Site "Eforie Nord"]
[Date "2023.09.25"]
[Round "5.3"]
[White "Cioara, Andrei Nestor"]
[Black "Iordachescu, Viorel"]
[Result "1/2-1/2"]
[WhiteElo "2400"]
[BlackElo "2584"]
[PlyCount "91"]
[EventDate "2023.09.21"]
[EventType "team-tourn"]
[EventRounds "9"]
[EventCountry "ROU"]
[SourceTitle "CBM 216 Extra"]
[Source "ChessBase"]
[SourceDate "2023.11.30"]
[SourceVersion "1"]
[SourceVersionDate "2023.11.30"]
[SourceQuality "1"]
[WhiteTeam "Craiova Oltenia"]
[BlackTeam "Arad Vados"]
[WhiteTeamCountry "ROU"]
[BlackTeamCountry "ROU"]

1. d4 Nf6 2. c4 e6 3. g3 d5 4. Nf3 Bb4+ 5. Nbd2 dxc4 6. Bg2 0-0 7. Qc2 Nc6 8. Qxc4 Qd5 9. 0-0 a5 10. e3 Qxc4 11. Nxc4 Rd8 12. a3 Be7 13. b3 Bd7 14. Bb2 Be8 15. Rac1 Kf8 16. Rfd1 h6 17. Ne1 Ra7 18. Nd3 Nb8 19. Nce5 b6 20. Nc6 Nxc6 21. Bxc6 Bxc6 22. Rxc6 Nd7 23. Kf1 Nb8 24. Rcc1 Bf6 25. a4 Ke8 26. Ba3 Na6 27. Ke2 Rb7 28. Rc6 Kd7 29. Rdc1 Nb8 30. R6c4 Kc8 31. f3 Na6 32. Rc6 Nb8 33. R6c2 Na6 34. Nf2 Kd7 35. Rc4 b5 36. Rc6 Ra8 37. Nd3 Kc8 38. Bd6 bxa4 39. bxa4 Bd8 40. Bf8 Nb4 41. R6c4 Nxd3 42. Kxd3 Bf6 43. Bd6 Raa7 44. g4 Kd7 45. Bg3 Be7 46. Be1 1/2-1/2

[Event "ROM-chT"]
[Site "Oradea"]
[Date "2022.09.24"]
[Round "4.4"]
[White "Cioara, Andrei Nestor"]
[Black "Padurariu, Mihai Edward"]
[Result "1/2-1/2"]
[WhiteElo "2407"]
[BlackElo "2263"]
[PlyCount "49"]
[EventDate "2022.09.21"]
[EventType "team-tourn"]
[EventRounds "9"]
[EventCountry "ROU"]
[SourceTitle "EXT 2024"]
[Source "ChessBase"]
[SourceDate "2023.10.10"]
[SourceVersion "1"]
[SourceVersionDate "2023.10.10"]
[SourceQuality "1"]
[WhiteTeam "Craiova Oltenia"]
[BlackTeam "Targoviste"]
[WhiteTeamCountry "ROU"]
[BlackTeamCountry "ROU"]

1. c4 e5 2. Nc3 c5 3. g3 Nc6 4. Bg2 g6 5. d3 Bg7 6. Rb1 d6 7. a3 a5 8. e3 Nge7 9. Nge2 Be6 10. 0-0 0-0 11. Nd5 Rb8 12. Nec3 f5 13. f4 Bf7 14. Bd2 Kh8 15. Qa4 b6 16. Rfd1 Nxd5 17. Nxd5 Ne7 18. Nxe7 Qxe7 19. b4 axb4 20. axb4 Rfd8 21. Qc2 d5 22. cxd5 Bxd5 23. bxc5 Bxg2 24. Kxg2 bxc5 25. Rxb8 1/2-1/2

[Event "ROM-chT"]
[Site "Mamaia"]
[Date "2021.10.07"]
[Round "8.1"]
[White "Nastore, Pavel Alexandru"]
[Black "Cioara, Andrei Nestor"]
[Result "1/2-1/2"]
[WhiteElo "2242"]
[BlackElo "2400"]
[PlyCount "51"]
[EventDate "2021.10.02"]
[EventType "team-tourn"]
[EventRounds "11"]
[EventCountry "ROU"]
[SourceTitle "CBM 204 Extra"]
[Source "ChessBase"]
[SourceDate "2021.11.30"]
[SourceVersion "1"]
[SourceVersionDate "2021.11.30"]
[SourceQuality "1"]
[WhiteTeam "Buzau Phoenix"]
[BlackTeam "Craiova Oltenia"]
[WhiteTeamCountry "ROU"]
[BlackTeamCountry "ROU"]

1. e4 e6 2. d4 d5 3. Nc3 Bb4 4. e5 c5 5. a3 Ba5 6. b4 cxd4 7. Nb5 Bc7 8. f4 Bd7 9. Nf3 Bxb5 10. Bxb5+ Nc6 11. Nxd4 Nge7 12. 0-0 0-0 13. Nxc6 Nxc6 14. Bd3 f6 15. Qh5 f5 16. Bb2 Qe8 17. Qxe8 Rfxe8 18. c4 dxc4 19. Bxc4 Kf7 20. Rfd1 Red8 21. Be2 Bb6+ 22. Kf1 Nd4 23. Bxd4 Rxd4 24. Rxd4 Bxd4 25. Rc1 Re8 26. a4 1/2-1/2

[Event "Jupiter Fisca op"]
[Site "Jupiter"]
[Date "2019.06.28"]
[Round "8"]
[White "Cioara, Andrei Nestor"]
[Black "Daianu, Cristian Clement"]
[Result "1/2-1/2"]
[WhiteElo "2426"]
[BlackElo "2199"]
[PlyCount "49"]
[EventDate "2019.06.22"]
[EventType "swiss"]
[EventRounds "9"]
[EventCountry "ROU"]
[SourceTitle "CBM 191 Extra"]
[Source "ChessBase"]
[SourceDate "2019.09.30"]
[SourceVersion "1"]
[SourceVersionDate "2019.09.30"]
[SourceQuality "1"]

1. e4 c5 2. Nf3 e6 3. d4 cxd4 4. Nxd4 Nf6 5. Nc3 d6 6. g3 a6 7. Bg2 Qc7 8. 0-0 Nc6 9. Kh1 Be7 10. f4 Bd7 11. a4 0-0 12. Nb3 Nb4 13. Be3 Bc6 14. Qe2 b6 15. g4 Qb7 16. Bd4 Nd7 17. Bg1 e5 18. Qd2 Nf6 19. Rfe1 d5 20. exd5 Nfxd5 21. Nxd5 Nxd5 22. Qe2 Bh4 23. c4 Nxf4 24. Bxc6 Qxc6+ 25. Qe4 1/2-1/2

[Event "ROM-chT"]
[Site "Sovata"]
[Date "2018.11.27"]
[Round "4.4"]
[White "Cioara, Andrei Nestor"]
[Black "Patrascu, Catalin Lucian"]
[Result "1-0"]
[WhiteElo "2427"]
[BlackElo "2268"]
[PlyCount "79"]
[EventDate "2018.11.24"]
[EventType "team-tourn"]
[EventRounds "9"]
[EventCountry "ROU"]
[SourceTitle "CBM 187 Extra"]
[Source "ChessBase"]
[SourceDate "2018.11.04"]
[SourceVersion "1"]
[SourceVersionDate "2018.11.04"]
[SourceQuality "1"]
[WhiteTeam "Ploiesti Universitar"]
[BlackTeam "Buzau Phoenix"]
[WhiteTeamCountry "ROU"]
[BlackTeamCountry "ROU"]

1. e4 c5 2. Nf3 Nc6 3. d4 cxd4 4. Nxd4 g6 5. Nc3 Bg7 6. Nde2 Nf6 7. g3 0-0 8. Bg2 d6 9. 0-0 Bd7 10. h3 Rc8 11. a4 a6 12. Nd5 Ne5 13. Ra2 Re8 14. b3 Bc6 15. Be3 Ned7 16. c4 Nc5 17. b4 Ncxe4 18. Nb6 Rb8 19. f3 Bh6 20. Qd3 Ng5 21. b5 axb5 22. axb5 Bd7 23. Nxd7 Nxd7 24. Qd2 Ne5 25. Bxg5 Qb6+ 26. Kh2 Nxc4 27. Qc1 Bxg5 28. Qxg5 Rbc8 29. Nc3 Ne3 30. Rc1 Qd4 31. Ne2 Qb6 32. Rxc8 Rxc8 33. Qxe7 Nxg2 34. Kxg2 Qxb5 35. Qxd6 Re8 36. Qd2 Qe5 37. Rb2 b5 38. Qd4 Qf5 39. Nc3 Re1 40. Ne4 1-0

[Event "ROM-chT"]
[Site "Sovata"]
[Date "2018.11.26"]
[Round "3.2"]
[White "Svetushkin, Dmitry"]
[Black "Cioara, Andrei Nestor"]
[Result "1-0"]
[WhiteElo "2605"]
[BlackElo "2427"]
[PlyCount "50"]
[EventDate "2018.11.24"]
[EventType "team-tourn"]
[EventRounds "9"]
[EventCountry "ROU"]
[SourceTitle "CBM 187 Extra"]
[Source "ChessBase"]
[SourceDate "2018.11.04"]
[SourceVersion "1"]
[SourceVersionDate "2018.11.04"]
[SourceQuality "1"]
[WhiteTeam "Iasi Politehnica"]
[BlackTeam "Ploiesti Universitar"]
[WhiteTeamCountry "ROU"]
[BlackTeamCountry "ROU"]

1. e4 d5 2. exd5 Qxd5 3. Nc3 Qa5 4. d4 Nf6 5. Nf3 Bf5 6. Ne5 c6 7. Bf4 e6 8. g4 Bg6 9. h4 Ne4 10. Rh3 Nxc3 11. bxc3 Nd7 12. Nxd7 Kxd7 13. h5 Be4 14. Qe2 f5 15. Re3 Bd6 16. Bxd6 Kxd6 17. f3 Bd5 18. gxf5 exf5 19. Kd2 Qd8 20. Rb1 b6 21. c4 Bf7 22. Re1 Qg5 23. Qh2+ f4 24. Re7 Qa5+ 25. Kd1 Qg5 1-0

[Event "Arad op 11th"]
[Site "Arad"]
[Date "2018.08.11"]
[Round "8"]
[White "Cioara, Andrei Nestor"]
[Black "Dinu, Dumitru Daniel"]
[Result "1-0"]
[WhiteElo "2435"]
[BlackElo "2225"]
[PlyCount "55"]
[EventDate "2018.08.05"]
[EventType "swiss"]
[EventRounds "9"]
[EventCountry "ROU"]
[SourceTitle "CBM 185 Extra"]
[Source "ChessBase"]
[SourceDate "2018.07.29"]
[SourceVersion "1"]
[SourceVersionDate "2018.07.29"]
[SourceQuality "1"]

1. d4 Nf6 2. c4 c5 3. d5 b5 4. Qc2 bxc4 5. e4 Bb7 6. Bxc4 e6 7. Nc3 Na6 8. Bg5 Be7 9. Bf4 Nb4 10. Qb3 Nxe4 11. Nxe4 exd5 12. Nd6+ Bxd6 13. Bxd6 Qf6 14. Bxc5 dxc4 15. Qxb4 Bxg2 16. 0-0-0 Qh6+ 17. Kb1 Bxh1 18. f3 Qc6 19. Rd6 Qc7 20. Rd5 f6 21. Qe1+ Kf7 22. Qe7+ Kg6 23. Qe4+ Kf7 24. Qxc4 Kg6 25. Qg4+ Kf7 26. Rxd7+ Qxd7 27. Qxd7+ Kg6 28. Nh3 1-0

[Event "Arad op 11th"]
[Site "Arad"]
[Date "2018.08.09"]
[Round "6"]
[White "Cioara, Andrei Nestor"]
[Black "Vrencian, Lehel"]
[Result "0-1"]
[WhiteElo "2435"]
[BlackElo "2293"]
[PlyCount "92"]
[EventDate "2018.08.05"]
[EventType "swiss"]
[EventRounds "9"]
[EventCountry "ROU"]
[SourceTitle "CBM 185 Extra"]
[Source "ChessBase"]
[SourceDate "2018.07.29"]
[SourceVersion "1"]
[SourceVersionDate "2018.07.29"]
[SourceQuality "1"]

1. d4 d5 2. c4 dxc4 3. e4 Nf6 4. e5 Nd5 5. Bxc4 Nc6 6. Ne2 Bg4 7. f3 Bf5 8. a3 e6 9. Nbc3 Nxc3 10. bxc3 Nxe5 11. Qa4+ Nd7 12. Ng3 Bg6 13. 0-0 c6 14. Qd1 Be7 15. f4 Nb6 16. Bb3 0-0 17. Qf3 Bf6 18. Be3 Nd5 19. Bf2 Qb6 20. Ba2 Qc7 21. Ne2 Be7 22. c4 Nf6 23. g4 Qa5 24. Ng3 h5 25. h3 h4 26. Ne2 Qxa3 27. Bb3 Qb4 28. Be1 Qd6 29. Bxh4 c5 30. d5 Be4 31. Qe3 exd5 32. cxd5 c4 33. Bxc4 Qc5 34. Qxc5 Bxc5+ 35. Kh2 Bxd5 36. Bd3 Ne4 37. Rad1 Bc6 38. Bc4 Rfe8 39. Nd4 Ba4 40. Rd3 Rac8 41. Nf5 Bb4 42. Rd4 Nd2 43. Rxd2 Bxd2 44. Nd6 Rxc4 45. Nxc4 Re2+ 46. Kg3 Bc6 0-1

[Event "Cap Aurora op 22nd"]
[Site "Cap Aurora"]
[Date "2018.06.28"]
[Round "6"]
[White "Cioara, Andrei Nestor"]
[Black "Dambrauskas, Virginijus A"]
[Result "1/2-1/2"]
[WhiteElo "2444"]
[BlackElo "2301"]
[PlyCount "142"]
[EventDate "2018.06.23"]
[EventType "swiss"]
[EventRounds "9"]
[EventCountry "ROU"]
[SourceTitle "CBM 185 Extra"]
[Source "ChessBase"]
[SourceDate "2018.07.29"]
[SourceVersion "1"]
[SourceVersionDate "2018.07.29"]
[SourceQuality "1"]

1. e4 c5 2. Nf3 e6 3. d4 cxd4 4. Nxd4 Nf6 5. Nc3 d6 6. g3 Be7 7. Bg2 a6 8. 0-0 Qc7 9. f4 Nc6 10. Nxc6 Qxc6 11. Kh1 Qc7 12. a4 Bd7 13. Be3 Bc6 14. Qe2 0-0 15. a5 Nd7 16. Rfd1 Rac8 17. Qe1 Rfe8 18. Qd2 Qb8 19. Qf2 Nf6 20. h3 Qa8 21. e5 dxe5 22. fxe5 Nd5 23. Nxd5 Bxd5 24. Bxd5 exd5 25. Qg2 Bc5 26. Bxc5 Rxc5 27. Rxd5 Rxe5 28. Rd7 Qe8 29. Rad1 Re1+ 30. Rxe1 Qxe1+ 31. Kh2 h5 32. h4 Rxa5 33. Qf3 Qe6 34. Qxb7 Rb5 35. Rd8+ Kh7 36. Qf3 Rf5 37. Qg2 Qf6 38. Qe4 g6 39. Rd5 Rf2+ 40. Kh3 Kg7 41. Qe5 Qxe5 42. Rxe5 Rxc2 43. b4 Ra2 44. Rc5 Rb2 45. Ra5 Rxb4 46. Rxa6 Rb2 47. Rc6 Rf2 48. Ra6 Kf8 49. Ra7 Rd2 50. Rb7 Kg7 51. Rb6 Re2 52. Ra6 f6 53. Ra7+ Kf8 54. Rb7 Kg8 55. Ra7 Kf8 56. Rb7 Re7 57. Rb6 Kf7 58. Ra6 Rd7 59. Rb6 Ke7 60. Ra6 Rd6 61. Ra5 Ke6 62. Ra7 Rd5 63. Ra2 Ke5 64. Re2+ Kd6 65. Re8 Kd7 66. Rg8 g5 67. hxg5 Rxg5 68. Rh8 Ke6 69. Kh4 Rg4+ 70. Kh3 Rg5 71. Kh4 Rg4+ 1/2-1/2